Community heating and combined heat and power (Record no. 110508)

MARC details
000 -LEADER
fixed length control field 01127cad a22002535a 4500
001 - CONTROL NUMBER
control field E149455
008 - FIXED-LENGTH DATA ELEMENTS--GENERAL INFORMATION
fixed length control field 100308s2009 xxko f 000 0 eng d
020 ## - INTERNATIONAL STANDARD BOOK NUMBER
International Standard Book Number 9781848060739
035 ## - SYSTEM CONTROL NUMBER
System control number (Sirsi) u149455
041 0# - LANGUAGE CODE
Language code of text/sound track or separate title eng
100 1# - MAIN ENTRY--PERSONAL NAME
Personal name Wiltshire, Robin
245 00 - TITLE STATEMENT
Title Community heating and combined heat and power
Medium [electronic resource]
260 ## - PUBLICATION, DISTRIBUTION, ETC.
Place of publication, distribution, etc. Amersham
Name of publisher, distributor, etc. NHBC Foundation
Date of publication, distribution, etc. 2009
490 #0 - SERIES STATEMENT
Series statement NF
Volume/sequential designation 13
520 ## - SUMMARY, ETC.
Summary, etc. Gives an overview of community heating and combined heat and power systems and looks at where they are most effective. Mainly discusses new residential developments, but also examines the use of such systems in existing and mixed-use developments.
521 2# - TARGET AUDIENCE NOTE
Target audience note Advanced
651 #4 - SUBJECT ADDED ENTRY--GEOGRAPHIC NAME
Geographic name United Kingdom
Chronological subdivision
690 ## - LOCAL SUBJECT ADDED ENTRY--TOPICAL TERM (OCLC, RLIN)
Topical term or geographic name as entry element ENVIRONMENTAL AND LAND CONSULTANCY-ENERGY-ENERGY USE-ENERGY EFFICIENCY
700 1# - ADDED ENTRY--PERSONAL NAME
Personal name Jangsten, Olof
700 1# - ADDED ENTRY--PERSONAL NAME
Personal name Williams, Jonathan
700 1# - ADDED ENTRY--PERSONAL NAME
Personal name Aguilo-Rullan, Antonio
856 40 - ELECTRONIC LOCATION AND ACCESS
Uniform Resource Identifier <a href="https://www.nhbcfoundation.org/LinkClick.aspx?fileticket=Ev%2f%2bSNIFrK4%3d&tabid=339&mid=774&language=en-GB">https://www.nhbcfoundation.org/LinkClick.aspx?fileticket=Ev%2f%2bSNIFrK4%3d&tabid=339&mid=774&language=en-GB</a>
Public note View the report free of charge (PDF file) at www.nhbcfoundation.org
942 ## - ADDED ENTRY ELEMENTS (KOHA)
Suppress in OPAC 0
Holdings
Withdrawn status Lost status Source of classification or shelving scheme Damaged status Not for loan Home library Current library Shelving location Date acquired Total Checkouts Full call number Barcode Date last seen Copy number Price effective from Koha item type
    Dewey Decimal Classification     Virtual Virtual Online 08/03/2010   ONLINE PUBLICATION 149455-2001 06/08/2019 1 06/08/2019 Book